Caracterización biofísica, ecológica y sociocultural del complejo humedales del Valle de Ubaté Fúquene, Cucunubá y Palacio (Registro nro. 6057)
[ vista simple ]
| 000 -CABECERA | |
|---|---|
| Campo de control | 01854nam a2200277 a 4500 |
| 005 - FECHA Y HORA DE LA ULTIMA TRANSACCION | |
| Campo de control | 20180803165335.0 |
| 008 - ELEMENTOS DE LONGITUD FIJA—INFORMACION GENERAL | |
| Campo de control | 140128b2004 ck ||||| |||| 00| 0 spa d |
| 041 ## - IDIOMA | |
| Código de idioma para texto/pista de sonido o título separado | Español |
| 090 ## - CLASIFICACIÓN LOCAL | |
| Colección | IAVH |
| Consecutivo | 00765 |
| 110 ## - ASIENTO PRINCIPAL--NOMBRE CORPORATIVO | |
| Unidad subordinad | Fundación Humedales |
| 245 ## - MENCION DE TITULO | |
| Título | Caracterización biofísica, ecológica y sociocultural del complejo humedales del Valle de Ubaté Fúquene, Cucunubá y Palacio |
| Parte restante del título | una contribución a la definición de escenarios y objetivos de manejo para la conservación de la biodiversidad |
| 260 ## - PUBLICACION, DISTRIBUCION, ETC. (PIE DE IMPRENTA) | |
| Lugar de publicación, distribución, etc. | Bogotá |
| Nombre del editor, distribuidor, etc. | Fundación Humedales |
| -- | Instituto Alexander von Humboldt |
| Fecha de publicación, distribución, etc. | 2004 |
| 300 ## - DESCRIPCION FISICA | |
| Extensión | 215 p. |
| 520 ## - NOTA DE RESUMEN, ETC. | |
| Nota de resumen | Este documento reune los resultados del proyecto Conservación y Uso Sostenible de la Biodiversidad en los Andes colombianos, el cual refiere a un mayor conocimiento directo del estado actual de los valores de la biodiversidad de la laguna y su complejo de humedales, una interpretación con enfoque de ecosistema, del conjunto de la información anteriormente producida, una visión para la laguna, y una identificación de prioridades y urgencia de acción en materia de conservación de la biodiversidad y manejo ambiental. Estas últimas se presentan como una contribución al proceso de formulación del Plan de Manejo de la laguna, actualmente promovido por la CAR, y la definición de fases de acción subsiguientes en el marco del mencionado proyecto de biodiversidad. |
| 650 ## - ASIENTO SECUNDARIO DE MATERIA - TERMINO TEMATICO | |
| Término temático o nombre geográfico como elemento de entrada | Conservación |
| 650 ## - ASIENTO SECUNDARIO DE MATERIA - TERMINO TEMATICO | |
| Término temático o nombre geográfico como elemento de entrada | Biodiversidad |
| 650 ## - ASIENTO SECUNDARIO DE MATERIA - TERMINO TEMATICO | |
| Término temático o nombre geográfico como elemento de entrada | Caracterización biológica |
| 650 ## - ASIENTO SECUNDARIO DE MATERIA - TERMINO TEMATICO | |
| Término temático o nombre geográfico como elemento de entrada | Humedales |
| 650 ## - ASIENTO SECUNDARIO DE MATERIA - TERMINO TEMATICO | |
| Término temático o nombre geográfico como elemento de entrada | Manejo ambiental |
| 650 ## - ASIENTO SECUNDARIO DE MATERIA - TERMINO TEMATICO | |
| Término temático o nombre geográfico como elemento de entrada | Recursos hídricos |
| 662 ## - ASIENTO SECUNDARIO DE MATERIA - JERARQUIA DEL NOMBRE DE LUGAR( | |
| País o entidad mayor | Colombia |
| Jurisdicción política intermedia | Valle de Ubaté |
| Jurisdicción política de primer orden | Cundinamarca |
| 662 ## - ASIENTO SECUNDARIO DE MATERIA - JERARQUIA DEL NOMBRE DE LUGAR( | |
| País o entidad mayor | Colombia |
| Ciudad | Fúquene |
| Jurisdicción política de primer orden | Cundinamarca |
| 662 ## - ASIENTO SECUNDARIO DE MATERIA - JERARQUIA DEL NOMBRE DE LUGAR( | |
| País o entidad mayor | Colombia |
| Ciudad | Cucunubá |
| Jurisdicción política de primer orden | Cundinamarca |
| 662 ## - ASIENTO SECUNDARIO DE MATERIA - JERARQUIA DEL NOMBRE DE LUGAR( | |
| País o entidad mayor | Colombia |
| Ciudad | Palacio |
| Jurisdicción política de primer orden | Cundinamarca |
| 942 ## - ELEMENTOS ADICIONALES (KOHA) | |
| Tipo de ítem | CD-ROM |
| Sistema de clasificación | Local |
| Withdrawn status | Lost status | Sistema de Clasificación | Damaged status | No para préstamo | Colección | Ubicación Permanente | Ubicación actual | Fecha de adquisición | Total Checkouts | Número topográfico | Inventario / Código de Barras | Date last seen | Ejemplar | Price effective from | Tipo de material |
|---|---|---|---|---|---|---|---|---|---|---|---|---|---|---|---|
| Local | General | Bogotá | Bogotá | 16/02/2010 | IAVH-00765 | 027898 | 04/12/2012 | Ej. 1 | 04/12/2012 | Informe Técnico |